LDR 00598nam a2200169 i 4500 001 000000254494 003 CaOOAMICUS 005 20170607000000.0 008 170607s1873 xx u000 u eng u 013 $a233399 040 $aSeMil$bita 245 10$a2. 300 $aXI, 820 p. 773 0 $aMacaulay, Thomas Babington <1800-1859>$tHistory of England.$bA new edition in two volumes.$dLondon : Longmans, Green, Reader, & Dyer, 1873.$g2$w()33756 850 $aSeMil 852 $aSeMil$W1$xVenegono$y1$m3T VII 92 FA$j204840$B204840$CSeMilBibl$Z2$F218372 $8I 996 $6245$a2$9(OLS)http://semarc/title/46889